Jolley v Carmel Ltd (Record no. 65163)
[ view plain ]
| 000 -LEADER | |
|---|---|
| fixed length control field | 01246cam a2200229 4500 |
| 001 - CONTROL NUMBER | |
| control field | ABS63076 |
| 008 - FIXED-LENGTH DATA ELEMENTS--GENERAL INFORMATION | |
| fixed length control field | 000000n2000 000 0 eng u |
| 035 ## - SYSTEM CONTROL NUMBER | |
| System control number | (Sirsi) u109140 |
| 245 ## - TITLE STATEMENT | |
| Title | Jolley v Carmel Ltd |
| 260 ## - PUBLICATION, DISTRIBUTION, ETC. | |
| Date of publication, distribution, etc. | 2000 |
| 490 ## - SERIES STATEMENT | |
| Series statement | Estates Gazette |
| Volume/sequential designation | [2000] 43 EG 28 October 2000, 185-188(4) |
| 520 ## - SUMMARY, ETC. | |
| Summary, etc. | CA 21 July 2000. On 8 August 1998 the parties exchanged contracts for the purchase by B of a property owned by A. Under the contract, completion was conditional on B obtaining planning permission, and there was no long-stop date. In court the deputy judge decided that there was an implied term that B would use reasonable efforts to obtain planning permission within a reasonable time, and that B would not be in breach of this so long as it had not acted negilgently or unreasonably. A appealed. Held, appeal dismissed on the grounds that it was right to adopt a construction of the contract that was commercially realistic and practical. |
| 590 ## - LOCAL NOTE (RLIN) | |
| Local note | ABS |
| 650 ## - SUBJECT ADDED ENTRY--TOPICAL TERM | |
| Topical term or geographic name entry element | SALE OF LAND |
| 650 ## - SUBJECT ADDED ENTRY--TOPICAL TERM | |
| Topical term or geographic name entry element | Contracts |
| 9 (RLIN) | 6232 |
| 650 ## - SUBJECT ADDED ENTRY--TOPICAL TERM | |
| Topical term or geographic name entry element | REASONABLE TIME |
| 650 ## - SUBJECT ADDED ENTRY--TOPICAL TERM | |
| Topical term or geographic name entry element | CONDITIONAL PLANNING PERMISSION |
| 650 ## - SUBJECT ADDED ENTRY--TOPICAL TERM | |
| Topical term or geographic name entry element | IMPLIED TERMS |
| 650 ## - SUBJECT ADDED ENTRY--TOPICAL TERM | |
| Topical term or geographic name entry element | JOLLEY V CARMEL LTD |
| 690 ## - LOCAL SUBJECT ADDED ENTRY--TOPICAL TERM (OCLC, RLIN) | |
| Topical term or geographic name as entry element | PROPERTY AND LAND LAW-CASE LAW |
| 942 ## - ADDED ENTRY ELEMENTS (KOHA) | |
| Suppress in OPAC | 0 |
| Withdrawn status | Lost status | Source of classification or shelving scheme | Damaged status | Not for loan | Home library | Current library | Shelving location | Date acquired | Total Checkouts | Barcode | Date last seen | Copy number | Price effective from | Koha item type |
|---|---|---|---|---|---|---|---|---|---|---|---|---|---|---|
| Dewey Decimal Classification | London | London | Journal article | 03/11/2000 | 109140-1001 | 06/08/2019 | 1 | 06/08/2019 | Law report |